000 00327 a2200157 4500
001 58790
020 _a9788576753452
040 _cAnchieta - Pituba
100 _aMotooka, Débora Yumi
240 1 0 _aHistória
_lpor
245 1 0 _aHistória
300 _a272
362 0 _a2008
650 4 _aHistória do mundo
942 _cBK
999 _c58790
_d58790